OECD Economic Surveys: Slovenia 2017 September 2017

Uložené v:
Podrobná bibliografia
Médium: Kniha
Jazyk:English
Vydavateľské údaje: Paris OECD 2017
Edícia:OECD Economic Surveys
Predmet:
Tagy: Pridať tag
Žiadne tagy, Buďte prvý, kto otaguje tento záznam!

MARC

LEADER 00000nam a2200000 4500
001 0241478
005 20240314123307.0
020 |a 978-92-64-27837-0 
022 |a 1995-3585 
041 0 |a eng 
044 |a FR 
245 1 0 |a OECD Economic Surveys: Slovenia 2017  |b September 2017 
264 1 |a Paris  |b OECD  |c 2017 
300 |a 143 s. 
490 1 |a OECD Economic Surveys 
830 0 |a OECD Economic Surveys 
610 2 0 |a situácia hospodárska 
610 2 0 |a stratégia hospodárska 
610 2 0 |a oživenie 
610 2 0 |a starnutie populácie 
610 2 0 |a výdavky 
610 2 0 |a úroveň životná 
610 2 0 |a investovanie 
610 2 0 |a kapitál 
610 2 0 |a zručnosti 
610 2 0 |a reformy 
610 2 0 |a regulácia 
610 2 0 |a konkurencia 
610 2 0 |a porovnanie štatistické medzinárodné 
610 2 0 |a Slovinsko